000 00661nam a2200229 a 4500
999 _c11221
_d11221
001 11221
003 BD-JhCC
005 20190918093336.0
008 190606b20022013bg |||| ||a| 000 0 ben d
020 _a9844121590
035 _a(BD-JhCC)11221
040 _aBD-JhCC
_dBD-JhCC
041 _aben
082 _bSAN 2013
_a891.4435
100 _aসংকেত, হানিফ
245 _aপ্রতি ও ইতি /
_cহানিফ সংকেত ।
260 _aঢাকা:
_bঅনন্যা;
_c২০১৩.
300 _a৬৩ পৃ. :
_c২২ সেমি.
650 _aBenglai comics
650 _aShort Story
942 _2ddc
_cBK